Statystyki dla Korona Gór Polski

Kliknij tutaj aby rozwiązać quiz!

Ogólne statystyki

  • Ten quiz został rozwiązany 186 razy
  • Średni wynik to 8 z 28

Statystyki odpowiedzi

Lp.Pasmo górskieWysokość (m n.p.m.)Szczyt% Poprawnych
1.Tatry2499Rysy
99%
3.Karkonosze1603Śnieżka
91%
2.Beskid Żywiecki1725Babia Góra
65%
28.Góry Świętokrzyskie614Łysica
62%
4.Masyw Śnieżnika1425Śnieżnik
60%
5.Bieszczady Zachodnie1346Tarnica
55%
27.Masyw Ślęży718Ślęża
42%
6.Gorce1310Turbacz
40%
13.Pieniny1050Wysokie Skałki
31%
8.Beskid Śląski1257Skrzyczne
28%
21.Góry Stołowe919Szczeliniec Wielki
27%
14.Góry Sowie1015Wielka Sowa
27%
9.Beskid Wyspowy1171Mogielica
19%
12.Góry Orlickie1084Orlica
17%
10.Góry Izerskie1126Wysoka Kopa
17%
23.Góry Opawskie889Biskupia Kopa
16%
7.Beskid Sądecki1266Radziejowa
16%
15.Beskid Niski997Lackowa
15%
20.Beskid Mały933Czupel
14%
24.Góry Wałbrzyskie851Chełmiec
13%
16.Góry Złote989Kowadło
13%
22.Beskid Makowski904Lubomir
13%
18.Rudawy Janowickie945Skalnik
13%
19.Góry Kamienne936Waligóra
13%
17.Góry Bystrzyckie977Jagodna
12%
26.Góry Kaczawskie724Skopiec
11%
25.Góry Bardzkie765Kłodzka Góra
10%
11.Góry Bialskie1106Rudawiec
9%

Rozkład punktacji

Percentyl według liczby udzielonych odpowiedzi

Procent ludzi z każdym wynikiem

Twoja historia wyników

Nie rozwiązałeś tego quizu